Modal Insan : membentuk keluarga berkesan

Bibliographic Details
Other Authors: Azizi Yahaya
Format: Book
Published: Skudai : Penerbit Universiti Teknologi Malaysia , 2009
Subjects:

MARC

LEADER 00000cam a2200000 7i4500
001 0000134749
005 20100209.0
020 |a 9789835204982 
090 0 0 |a 306.8   |b MOD 
245 1 0 |a Modal Insan :   |b membentuk keluarga berkesan   |c Azizi Yahaya ... [et al.] 
260 |a Skudai :   |b Penerbit Universiti Teknologi Malaysia ,   |c 2009 
300 |a 293p. ;   |c 23cm. 
650 0 0 |a Domestic relations 
650 0 0 |a Family 
650 0 0 |a Parenting 
700 0 |a Azizi Yahaya 
999 |a 00229361   |b BUKU   |c PINJAMAN   |e PERPUSTAKAAN KOMUNITI PETALING JAYA